3ds max Animation and Visual Effects techniques (Record no. 240328)

MARC details
000 -LEADER
fixed length control field 00396nam a2200145Ia 4500
008 - FIXED-LENGTH DATA ELEMENTS--GENERAL INFORMATION
fixed length control field 240823s9999||||xx |||||||||||||| ||und||
082 ## - DEWEY DECIMAL CLASSIFICATION NUMBER
-- 6.6869
100 ## - MAIN ENTRY--PERSONAL NAME
Personal name "Kennedy,Sanford"
245 #0 - TITLE STATEMENT
Title 3ds max Animation and Visual Effects techniques
260 ## - PUBLICATION, DISTRIBUTION, ETC. (IMPRINT)
Date of publication, distribution, etc 2003
Name of publisher, distributor, etc Wiley India Pv
Place of publication, distribution, etc New Delhi
500 ## - GENERAL NOTE
General note YES
650 ## - SUBJECT ADDED ENTRY--TOPICAL TERM
Topical term or geographic name as entry element Animation
942 ## - ADDED ENTRY ELEMENTS (KOHA)
Item type Non Books
Holdings
Withdrawn status Lost status Damaged status Permanent location Current location Shelving location Date acquired Full call number Barcode Date last seen Koha item type
      CENTRAL LIBRARY, NOORUL ISLAM CENTRE FOR HIGHER EDUCATION CENTRAL LIBRARY, NOORUL ISLAM CENTRE FOR HIGHER EDUCATION   12/13/2010 6.6869 CD241 08/23/2024 Non Books
Visitors:
Copyright © 2024 Central Library NICHE.  All rights reserved.